Capacitación del maestro en la educación inicial: problemas y sugerencias
Сохранить в:
| Главный автор: | |
|---|---|
| Формат: | |
| Язык: | испанский |
| Опубликовано: |
Ciudad de México
Trillas
1995
|
| Редактирование: | 2a. ed |
| Предметы: | |
| Метки: |
Добавить метку
Нет меток, Требуется 1-ая метка записи!
|
MARC
| LEADER | 00000nam a2200000 a 4500 | ||
|---|---|---|---|
| 001 | UCN2318 | ||
| 003 | CL-VaPUC | ||
| 008 | 010518e19950000MX |||||||||||||||||spa|d | ||
| 082 | 0 | 4 | |a 370.71 |b KAT |2 21 |
| 100 | 0 | |a Katz, Lilian G |e author |9 458077 | |
| 245 | 1 | 0 | |a Capacitación del maestro en la educación inicial: problemas y sugerencias |
| 250 | |a 2a. ed | ||
| 300 | |a 101 p | ||
| 942 | |c BK | ||
| 945 | |d 20010518 00:00:00 |a vberengu | ||
| 260 | |a Ciudad de México |b Trillas |c 1995 | ||
| 650 | 0 | |a Formación de docentes |9 329378 | |
| 650 | 7 | |a FORMACION DE PROFESIONALES |2 CL-VaPUC |9 382872 | |
| 650 | 7 | |a CAPACITACION DEL PERSONAL DE EDUCACION |2 CL-VaPUC |9 335008 | |
| 650 | 0 | |a Calidad de la educación |9 307271 | |
| 650 | 0 | |a Educación preescolar |9 260381 | |
| 583 | |a last modification |c 20010518 00:00:00 |k Rodrigo Vera | ||
| 999 | |c 295426 |d 295424 | ||
| 952 | |0 0 |1 0 |4 0 |6 370_710000000000000_KAT_1995 |7 0 |8 A |9 348453 |a BIBEDU |b BIBEDU |c ES_NOD |d 2019-11-20 |i 3721329 |o 370.71 KAT 1995 |p 3721329 |r 2023-08-09 |w 2019-11-20 |y BK |k EPE | ||